000 00428nam a2200157 i 4500
001 44838
003 ES-MaACL
005 20230906161113.0
007 t|
008 030324m19001999fr ||||1| fre d
100 1 _aCloquet, Louis.
_939282
245 1 0 _aTraite de perspective pittoresque /
_cLouis Cloquet.
260 _aParis :
_b[Desclée de Brouwer,
_c19--?]
300 _aVII, 131 p. ;
_c27 cm.
852 _aES-MaACL
_jF-1626
999 _c44838
_d44838